| 000 | 00372 a2200169 4500 | ||
|---|---|---|---|
| 001 | 72895 | ||
| 020 | _a9788510047906 | ||
| 040 | _cAnchieta - Colégio São Paulo | ||
| 100 | _aRamos, Pilar | ||
| 240 | 1 | 0 |
_aO convite _lpor |
| 245 | 1 | 0 | _aO convite |
| 300 | _a32 | ||
| 362 | 0 | _a2010 | |
| 440 | 1 | _aEditora do Brasil | |
| 650 | 4 | _aLiteratura infanto-juvenil | |
| 942 | _cBK | ||
| 999 |
_c72895 _d72895 |
||